| 000 | 00692nam a22002177i 4500 | ||
|---|---|---|---|
| 999 |
_c23267 _d23267 |
||
| 003 | AR-CdUCM | ||
| 008 | 250414b20192019 pe||||| |||| 00| 0 spa d | ||
| 020 | _a978-2-89780-780-1 | ||
| 040 |
_aMUNICIPALIDAD PROVINCIAL DEL CUSCO _cBIBLIOTECA MUNICIPAL DEL CUSCO |
||
| 041 | _hspa | ||
| 082 |
_aPI / 869.56 / L36 _bL36 |
||
| 100 |
_aLeduc, Arianne _951063 |
||
| 245 |
_aDora la exploradora : _bAnimales de la granja / |
||
| 260 |
_aCanadá : _bImagine Publication _c2019 |
||
| 300 |
_a12 páginas. : _bIlustraciones _c27x20 cm. |
||
| 650 |
_aLiteratura infantil _9588 |
||
| 650 |
_aPrimera infancia _924660 |
||
| 856 | _fwww.mundonick.com | ||
| 942 |
_2ddc _cLIBROS |
||
| 945 |
_apbjr _d14-04-2025 |
||